000 00531nam a2200169Ia 4500
003 GCL
008 140319s9999 xx 000 0 ara d
040 _aGCL /
_cGCL
082 0 4 _aق
_b923.2
_bم م
100 1 _aمحمد التابعى
245 1 0 _aمن اسرار الساسة والسياسة: مصر ما قبل الثورة /
_cمحمد التابعى
300 _a327 ص
490 _aالهيئة العامة للاستعلامات
_v0
650 0 4 _aمصر
650 0 4 _aاحمد محمد حسنين
942 _2ddc
_cBK
999 _c49854
_d49854